¿Crisis alimentaria o la agudización de la iniquidad?: la crisis sistémica de la aldea global /

El artículo sustenta la tesis que la crisis alimentaria es apreciada como un problema productivo y distributivo, aun cuando no hay carencia ni una sobredemanda de alimentos que determine su escasez. La crisis es el sobreprecio de los alimentos, es la especulación con una mercancía vital para la vida...

Celý popis

Uloženo v:
Podrobná bibliografie
Hlavní autor: Huaylupo Alcázar, Juan
Médium: Text
Témata:
Tagy: Přidat tag
Žádné tagy, Buďte první, kdo vytvoří štítek k tomuto záznamu!

MARC

LEADER 00000 a a2200000 04500
001 42245
003
040
100 |a Huaylupo Alcázar, Juan  
245 |a ¿Crisis alimentaria o la agudización de la iniquidad?:   |b la crisis sistémica de la aldea global /  |c Juan Huaylupo Alcázar  
520 |a El artículo sustenta la tesis que la crisis alimentaria es apreciada como un problema productivo y distributivo, aun cuando no hay carencia ni una sobredemanda de alimentos que determine su escasez. La crisis es el sobreprecio de los alimentos, es la especulación con una mercancía vital para la vida de las personas. De esta manera, el autor sostiene que la actual crisis no es alimentaria ni financiera, es una crisis del sistema imperante que busca reconformarse ante sus contradicciones e inoperancia del mercado.  
590 |a RRH/DICIEMBRE2011  
650 |a CRISIS  
650 |a SEGURIDAD ALIMENTARIA  
650 |a ESPECULACION  
650 |a PRODUCCION ALIMENTARIA  
650 |a CAPITALISMO  
650 |a PROPIEDAD DE LA TIERRA  
773 |g volumen27, número1 (2009), páginas 11-32 : gráficos, mapas  
999 |c 20959  |d 20959